02388cam a22004337a 45000010008000000030004000080050017000120060019000290070015000480080041000630150019001040160022001230160018001450200027001630350026001900380012002160400060002280420014002880500024003020720013003260820017003391000023003562100017003792450095003962600035004914900051005265040051005775050224006285060043008525200728008955630014016236500018016376500014016556500031016696500031017007730045017318300051017768560127018277865621OSt20211014162139.0m d cr n 070717s2006 ne a sb 001 0 eng d aGBA6773612bnb7 a97963069X2GyFmDB7 a0135353392Uk a9781402046957 (hd.bd.) a(WaSeSS)ssj0000200191 akhadija aOHXcOHXdBAKERdUKMdHNKdCVMdXTLdYDXCPdDLCdWaSeSS alccopycat 4aTJ163.12b.P74 2006 7aTJ2lcco04a621222bPRE1 aPreumont, André.10aMechatronics10aMechatronics :bDynamics of Electromechanical and Piezoelectric Systems /cby A. Preumont. aDordrecht :bSpringer,cc2006.1 aSolid mechanics and its applications ;vv. 136 aIncludes bibliographical references and index.0 aLagrangian dynamics of mechanical systems -- Dynamics of electrical networks -- Electromechanical systems -- Piezoelectric systems -- Piezoelectric laminates -- Active and passive damping with piezoelectric transducers. aLicense restrictions may limit access. aThis volume treats Lagrange's equations for electromechanical systems, including piezoelectric tranducers and selected applications. It is essentially an extension to piezoelectric systems of the work by Crandall et al.: Dynamcs of Mechanical and Electromechanical Sysyems, McGraw-Hill, published in 1968. The first three chapters contain classical meterial based on this and other well-known standard texts in the field, such as Methods of Analltical Dynamics by L. Meirovitch, McGraw-Hill, 1970. Some applications are new (e.g. geophone). Chapters 4 to 6 consist of new material which has not been published in a mongraph before. They deal with piezoelectric systems in a unified way, starting from a lagrangian approach. aHardcover 0aMechatronics. 0aDynamics. 0aPiezoelectric transducers. 0aElectromechanical devices. 0tSpringerLink ebooks - Engineering (2006) 0aSolid mechanics and its applications ;vv. 13640uhttp://www.columbia.edu/cgi-bin/cul/resolve?clio7865621zFull text available from SpringerLink ebooks - Engineering (2006)